A Concise History of Modern Europe : (Record no. 1678374)

MARC details
000 -LEADER
fixed length control field 00899cam a2200253 i 4500
001 - CONTROL NUMBER
control field 20504150
003 - CONTROL NUMBER IDENTIFIER
control field OSt
005 - DATE AND TIME OF LATEST TRANSACTION
control field 20260129152557.0
008 - FIXED-LENGTH DATA ELEMENTS--GENERAL INFORMATION
fixed length control field 180519s2019 mduab b 001 0 eng
020 ## - INTERNATIONAL STANDARD BOOK NUMBER
International Standard Book Number 9788125045335
040 ## - CATALOGING SOURCE
Language of cataloging eng
Transcribing agency HDL
082 00 - DEWEY DECIMAL CLASSIFICATION NUMBER
Classification number 940.2 Q1
Edition number 23
100 1# - MAIN ENTRY--PERSONAL NAME
Personal name Mason, David S.
Fuller form of name (David Stewart),
Dates associated with a name 1947-
Relator term author.
9 (RLIN) 1112766
245 12 - TITLE STATEMENT
Title A Concise History of Modern Europe :
Remainder of title Liberty, Equality, Solidarity /
Statement of responsibility, etc. David S. Mason.
250 ## - EDITION STATEMENT
Edition statement Fourth edition.
264 #1 - PRODUCTION, PUBLICATION, DISTRIBUTION, MANUFACTURE, AND COPYRIGHT NOTICE
Place of production, publication, distribution, manufacture New Delhi ;
Name of producer, publisher, distributor, manufacturer Orient Blackswan Private Limited.
Date of production, publication, distribution, manufacture, or copyright notice 2011.
300 ## - PHYSICAL DESCRIPTION
Extent xiv, 237 pages :
Other physical details illustrations, maps ;
Dimensions 24 cm
651 #0 - SUBJECT ADDED ENTRY--GEOGRAPHIC NAME
Geographic name India
General subdivision History
Chronological subdivision 1789-1900.
9 (RLIN) 1112767
651 #0 - SUBJECT ADDED ENTRY--GEOGRAPHIC NAME
Geographic name India
General subdivision History
Chronological subdivision 20th century.
9 (RLIN) 1112768
651 #0 - SUBJECT ADDED ENTRY--GEOGRAPHIC NAME
Geographic name India
General subdivision Politics and government
Chronological subdivision 1789-1900.
9 (RLIN) 1112769
651 #0 - SUBJECT ADDED ENTRY--GEOGRAPHIC NAME
Geographic name India
General subdivision Politics and government
Chronological subdivision 20th century.
9 (RLIN) 1112770
942 ## - ADDED ENTRY ELEMENTS (KOHA)
Koha item type Textual
Holdings
Withdrawn status Lost status Source of classification or shelving scheme Damaged status Not for loan Home library Current library Date acquired Total Checkouts Date last seen Price effective from Koha item type
    Colon Classification (CC)     Department of History Library Department of History Library 2026-01-29   2026-01-29 2026-01-29 Textual
Copyright @ Delhi University Library System